| 000 | 00685cab a2200241 4500 | ||
|---|---|---|---|
| 001 | WB3446-34 | ||
| 008 | 090401t1998 xxu||||| |||| 00| 0 eng d | ||
| 035 | _a(Sirsi) u90044 | ||
| 041 | _aeng | ||
| 245 | _aService of notices | ||
| 260 | _c1998 | ||
| 350 | _a0 | ||
| 490 |
_aEstates Gazette _v(9848) 28 November 1998, 182(1) |
||
| 520 | _aExamines a recent case where the change of heart of a server of a notice is taken into consideration. | ||
| 650 | _aKINCH V BULLARD | ||
| 650 | _aLEASES | ||
| 650 | _aNOTICE OF SEVERANCE | ||
| 650 | _aSERVING NOTICES | ||
| 650 | _aWITHDRAWAL OF NOTICE | ||
| 690 | _aPROPERTY LAW AND PRACTICE | ||
| 942 | _n0 | ||
| 948 | _c01/12/1998 | ||
| 999 |
_c57022 _d57022 |
||